| 000 | 013670000a22003250004500 | ||
|---|---|---|---|
| 003 | EG-GICUC | ||
| 005 | 20250223025203.0 | ||
| 008 | 080329s2008 ua d f m 000 0 eng d | ||
| 040 |
_aEG-GICUC _beng _cEG-GICUC |
||
| 041 | 0 | _aEng | |
| 049 | _aDeposite | ||
| 097 | _aM.Sc | ||
| 099 | _aCai01.20.03.M.Sc.2008.Eh.I | ||
| 100 | 0 | _aEhab Abdelhamid Mohamed | |
| 245 | 1 | 3 |
_aAn intelligent web browsing assistant / _cEhab Abdelhamid Mohamed ; Supervised Salwa Elgamal |
| 246 | 1 | 5 | _aمساعد ذكى لتصفح الانترنت |
| 260 |
_aCairo : _bEhab Abdelhamid Mohamed , _c2008 |
||
| 300 |
_a95Leaves : _bcharts ; _c30cm |
||
| 502 | _aThesis (M.Sc.) - Cairo University - Faculty Of Computers and Information - Department Of Computer Science | ||
| 520 | _aCurrently there is a massive amount of web pages available in the World Wide Web with more and more becoming available every day such pages represent an enorrmous amount of information.However searching this huge collection of web pages and locating what they are interested in is not an easy task | ||
| 530 | _aIssued also as CD | ||
| 653 | 4 | _aIntelligent web | |
| 653 | 4 | _aWeb browsing | |
| 653 | 4 | _aWeb pages available | |
| 700 | 0 |
_aSalwa Elgamal , _eSupervisor |
|
| 856 | _uhttp://172.23.153.220/th.pdf | ||
| 905 |
_aMustafa _eRevisor |
||
| 905 |
_aNazla _eCataloger |
||
| 942 |
_2ddc _cTH |
||
| 999 |
_c7532 _d7532 |
||